| 000 | 00543nam a2200181Ia 4500 | ||
|---|---|---|---|
| 003 | GCL | ||
| 008 | 140319s9999 xx 000 0 ara d | ||
| 040 |
_aGCL / _cGCL |
||
| 082 | 0 | 4 |
_aط _b813.087 _bا ج |
| 100 | 1 | _aمروان ابراهيم صديق (مترجم) | |
| 245 | 1 | 0 |
_aجزيرة الدلافين الزرق / _cمروان ابراهيم صديق (مترجم) |
| 700 | 1 | _aاوريل ,سكوت | |
| 490 |
_aكتاب _v0 |
||
| 650 | 0 | 4 | _aالاطفال |
| 650 | 0 | 4 | _aالقصص |
| 650 | 0 | 4 | _aقصص الاطفال |
| 942 |
_2ddc _cBK |
||
| 999 |
_c42447 _d42447 |
||